Le romantisme et la critique (Record no. 55613)

MARC details
000 -LEADER
campo de control de longitud fija 00501nam a2200157 i 4500
001 - NÚMERO DE CONTROL
campo de control 55613
003 - IDENTIFICADOR DE NÚMERO DE CONTROL
campo de control ES-MaACL
005 - FECHA Y HORA DE LA ÚLTIMA TRANSACCIÓN
campo de control 20230906163159.0
007 - CAMPO FIJO DE DESCRIPCIÓN FÍSICA--INFORMACIÓN GENERAL
campo de control de longitud fija t|
008 - DATOS DE LONGITUD FIJA--INFORMACIÓN GENERAL
campo de control de longitud fija 030924s1907 fr ||||1| fre d
100 1# - ENTRADA PRINCIPAL--NOMBRE DE PERSONA
Nombre de persona Des Granges, Charles-Marc.
9 (RLIN) 43812
245 13 - MENCIÓN DEL TÍTULO
Título Le romantisme et la critique
Resto del título : la presse litteraire sous la restauration 1815-1830 /
Mención de responsabilidad, etc. Ch. M. Des Granges.
260 ## - PUBLICACIÓN, DISTRIBUCIÓN, ETC.
Lugar de publicación, distribución, etc. Paris :
Nombre del editor, distribuidor, etc. [s.n.],
Fecha de publicación, distribución, etc. 1907 (
Lugar de fabricación/manufactura Mayenne :
Fabricante Ch. Colin)
300 ## - DESCRIPCIÓN FÍSICA
Extensión 386 p. ;
Dimensiones 23 cm.
852 ## - LOCALIZACIÓN
Ubicación ES-MaACL
Número de control de estantería F-11817
Holdings
Estatus retirado Estado de pérdida Estado de daño No para préstamo Biblioteca de origen Biblioteca actual Ubicación en estantería Fecha de adquisición Fuente de adquisición Total de préstamos Signatura topográfica completa Código de barras Visto por última vez Precio de reemplazo Tipo de ítem Koha
        Biblioteca del Ateneo de Madrid Biblioteca del Ateneo de Madrid Sala Pecera Planta 2 17/01/2008     F-11817 1058425 23/02/2023 23/02/2023 Libro impreso